[Event "Titled Tuesday intern op 13th Feb Early"]
[Site "Chess.com INT"]
[Date "2024.02.13"]
[Round "6"]
[White "Shodikulov, Djamshid"]
[Black "Kislinsky, Alexey"]
[Result "0-1"]
[WhiteElo "2044"]
[BlackElo "2361"]
[PlyCount "54"]
[EventDate "2024.02.13"]
[EventType "swiss (blitz)"]
[EventRounds "11"]
[EventCountry "USA"]
[SourceTitle "CB08_2024"]
[SourceDate "2024.02.21"]
[SourceVersion "1"]
[SourceVersionDate "2024.02.21"]
[SourceQuality "1"]

1. c4 Nf6 2. Nc3 g6 3. g3 Bg7 4. Bg2 0-0 5. Nf3 b6 6. 0-0 Bb7 7. d4 Ne4 8. Nxe4 Bxe4 9. Bh3 Bxf3 10. exf3 d5 11. c5 Nc6 12. cxb6 cxb6 13. Be3 Qd6 14. a3 Qf6 15. Re1 e5 16. dxe5 Nxe5 17. Bg2 Nc4 18. Qxd5 Nxe3 19. Rxe3 Qxb2 20. Rae1 Rad8 21. Qb7 Rd2 22. Bf1 Rxf2 23. R3e2 Rxe2 24. Rxe2 Qxa3 25. f4 Qc5+ 26. Kh1 a5 27. Bg2 Qc1+ 0-1

[Event "UZB-ch 1st League"]
[Site "Tashkent"]
[Date "2016.02.16"]
[Round "5"]
[White "Abdusattorov, Nodirbek"]
[Black "Shodikulov, Djamshid"]
[Result "0-1"]
[WhiteElo "2430"]
[BlackElo "2181"]
[PlyCount "84"]
[EventDate "2016.02.12"]
[EventType "tourn"]
[EventRounds "11"]
[EventCountry "UZB"]
[EventCategory "1"]
[SourceTitle "CBM 171 Extra"]
[Source "ChessBase"]
[SourceDate "2016.04.26"]
[SourceVersion "1"]
[SourceVersionDate "2016.04.26"]
[SourceQuality "1"]

1. e4 Nf6 2. e5 Nd5 3. d4 d6 4. c4 Nb6 5. exd6 cxd6 6. Nc3 g6 7. Nf3 Bg7 8. Be3 0-0 9. Rc1 Nc6 10. Be2 d5 11. cxd5 Nxd5 12. 0-0 Be6 13. Ne4 Nxe3 14. fxe3 Bh6 15. Rc3 Nb4 16. Qd2 b6 17. Neg5 Bf5 18. Qe1 Bg7 19. Bc4 e6 20. e4 Bg4 21. e5 h6 22. h3 Bxf3 23. Nxf3 Nd5 24. Rc1 Rc8 25. h4 h5 26. Ng5 Bh6 27. Qg3 Bxg5 28. hxg5 Ne7 29. Qf4 Nf5 30. Rfd1 Ne7 31. Qf6 b5 32. Bxe6 Rxc1 33. Rxc1 fxe6 34. Qxe6+ Kg7 35. Kh2 Rf7 36. Rd1 Nf5 37. Qc6 Qxg5 38. e6 Qf4+ 39. Kg1 Ng3 40. Qf3 Qxf3 41. gxf3 Rf8 42. d5 Kf6 0-1

[Event "UZB-ch 1st League"]
[Site "Tashkent"]
[Date "2016.02.15"]
[Round "4"]
[White "Shodikulov, Djamshid"]
[Black "Sindarov, Javokhir"]
[Result "1-0"]
[WhiteElo "2181"]
[BlackElo "2224"]
[PlyCount "155"]
[EventDate "2016.02.12"]
[EventType "tourn"]
[EventRounds "11"]
[EventCountry "UZB"]
[EventCategory "1"]
[SourceTitle "CBM 171 Extra"]
[Source "ChessBase"]
[SourceDate "2016.04.26"]
[SourceVersion "1"]
[SourceVersionDate "2016.04.26"]
[SourceQuality "1"]

1. b3 Nf6 2. Bb2 g6 3. Nf3 Bg7 4. e3 0-0 5. Be2 d6 6. 0-0 e5 7. d3 Nc6 8. c4 e4 9. dxe4 Nxe4 10. Bxg7 Kxg7 11. a3 a5 12. Nfd2 Qf6 13. Ra2 Nc5 14. Qc1 Qg5 15. Nf3 Qf6 16. Nfd2 Qg5 17. Qb2+ Kg8 18. Nf3 Qd8 19. Nc3 Be6 20. Rd1 f5 21. Nd4 Bf7 22. Nd5 Ne5 23. Nf3 Ned7 24. h4 Bxd5 25. cxd5 f4 26. b4 Na4 27. Qc2 Nab6 28. exf4 axb4 29. Ng5 b3 30. Qxb3 Nc5 31. Qe3 Qf6 32. g3 Rae8 33. Qd4 Qxd4 34. Rxd4 Nb3 35. Rd1 Re7 36. Ne6 Ra8 37. Rc2 Rxa3 38. Rxc7 Rxc7 39. Nxc7 Nc5 40. Nb5 Ra2 41. Bf1 Ne4 42. Re1 Nxf2 43. Nxd6 Nxd5 44. Re5 Nb6 45. Re2 Nh3+ 46. Kg2 Ra1 47. Re7 Rd1 48. Ne4 Nd5 49. Re8+ Kg7 50. Be2 Nhxf4+ 51. gxf4 Nxf4+ 52. Kf3 Nxe2 53. Kxe2 Rd7 54. Kf3 Rc7 55. Kg3 h6 56. Re6 Kf7 57. Rb6 Kg7 58. Kg4 Re7 59. Nc5 Kf7 60. Rxb7 Rxb7 61. Nxb7 Kg7 62. Nc5 Kf6 63. Nd3 Ke6 64. Nf4+ Kf6 65. Nd5+ Ke6 66. Ne3 Ke5 67. Ng2 Ke6 68. Kf3 Ke5 69. Ne3 h5 70. Nc4+ Kd5 71. Nd2 Ke5 72. Ne4 Kf5 73. Ng3+ Ke5 74. Ke3 g5 75. hxg5 h4 76. Ne4 h3 77. Kf3 Kf5 78. Kg3 1-0

[Event "Agzamov Memorial 08th"]
[Site "Tashkent"]
[Date "2014.05.16"]
[Round "2"]
[White "Khusnutdinov, Rustam"]
[Black "Shodikulov, Djamshid"]
[Result "1-0"]
[WhiteElo "2495"]
[BlackElo "2179"]
[PlyCount "35"]
[EventDate "2014.05.15"]
[EventType "swiss"]
[EventRounds "9"]
[EventCountry "UZB"]
[SourceTitle "CBM 160 Extra"]
[Source "ChessBase"]
[SourceDate "2014.07.01"]
[SourceVersion "1"]
[SourceVersionDate "2014.07.01"]
[SourceQuality "1"]

1. d4 Nf6 2. c4 c5 3. d5 b5 4. cxb5 a6 5. e3 axb5 6. Bxb5 Qa5+ 7. Nc3 Ba6 8. Bxa6 Nxa6 9. Nf3 g6 10. 0-0 Bg7 11. e4 d6 12. e5 dxe5 13. Nxe5 Nb4 14. a3 Qd8 15. Qb3 Nfxd5 16. Bf4 e6 17. Bg3 Qa5 18. Rae1 1-0

[Event "Agzamov Memorial 03rd"]
[Site "Tashkent"]
[Date "2009.03.16"]
[Round "1"]
[White "Shodikulov, Djamshid"]
[Black "Iuldachev, Saidali"]
[Result "0-1"]
[WhiteElo "2126"]
[BlackElo "2520"]
[PlyCount "84"]
[EventDate "2009.03.15"]
[EventType "swiss"]
[EventRounds "9"]
[EventCountry "UZB"]
[SourceTitle "CBM 129 Extra"]
[Source "ChessBase"]
[SourceDate "2009.05.05"]
[SourceVersion "2"]
[SourceVersionDate "2009.05.20"]
[SourceQuality "1"]

1. e4 e5 2. Nf3 Nc6 3. Bb5 a6 4. Ba4 d6 5. Bxc6+ bxc6 6. d4 f6 7. Nc3 Ne7 8. Be3 Ng6 9. Qd2 Be7 10. 0-0-0 0-0 11. h4 h5 12. Qe2 Qe8 13. Nh2 exd4 14. Bxd4 Ne5 15. f4 Bg4 16. Nxg4 Nxg4 17. Qc4+ Rf7 18. Rhe1 Bf8 19. Bg1 a5 20. Ne2 Rb8 21. a3 d5 22. exd5 cxd5 23. Qc3 Qd7 24. Qxa5 c5 25. Ng3 Qb7 26. Qc3 Bd6 27. Nxh5 d4 28. Qb3 Qxb3 29. cxb3 g6 30. Re6 Bc7 31. Nxf6+ Rxf6 32. Rxf6 Nxf6 33. g3 Rxb3 34. Bxd4 cxd4 35. Rxd4 Rxg3 36. Rc4 Nd5 37. a4 Rg1+ 38. Kd2 Rg2+ 39. Kc1 Bxf4+ 40. Kb1 Be5 41. Rc5 Nb4 42. b3 Rb2+ 0-1